Welcome to the Holygrace Academy Library

Please use search bar below to get started

ARCHIE - ONE LAST DATE WITH ARCHIE (Record no. 7334)

MARC details
000 -LEADER
fixed length control field 00303nam a22001217a 4500
082 ## - DEWEY DECIMAL CLASSIFICATION NUMBER
Classification number 823
Item number PEL/A
100 ## - MAIN ENTRY--AUTHOR NAME
Personal name PELLOUSKI, MICHAEL J
245 ## - TITLE STATEMENT
Title ARCHIE - ONE LAST DATE WITH ARCHIE
260 ## - PUBLICATION, DISTRIBUTION, ETC. (IMPRINT)
Place of publication UNITED STATES
Name of publisher ARCHIE COMICS
Year of publication 1991
300 ## - PHYSICAL DESCRIPTION
Number of Pages 122
650 ## - SUBJECT ADDED ENTRY--TOPICAL TERM
Topical Term ENGLISH STORY
Geographic subdivision UNITED STATES
942 ## - ADDED ENTRY ELEMENTS (KOHA)
Koha item type Books
Holdings
Withdrawn status Lost status Collection code Home library Current library Date acquired Source of acquisition Full call number Accession Number Koha item type
Withdrawn Damaged Item Fiction Main Library Main Library 05/03/2002 purchase 823 PEL/A 00306 Books